| 000 | 00508nam a2200193 a 4500 | ||
|---|---|---|---|
| 001 | 1758175449883 | ||
| 003 | YourLibrary | ||
| 005 | 20250919115708.0 | ||
| 008 | 250918s2000##################000#0#eng## | ||
| 020 | _a9780262194471 | ||
| 082 | 0 | 4 |
_a153 _bSCH |
| 100 | 1 |
_aSchulkin, Jay, _eauthor. |
|
| 245 | 1 | 0 | _aRoots of Social Sensibility and Neural Function : |
| 260 |
_bMIT Press, _c2000. |
||
| 300 | _a232 pages | ||
| 650 | 0 | _aPsychology. | |
| 942 | _cENGLISH | ||
| 040 |
_aYourLibrary _beng _cYourLibrary |
||
| 999 |
_c588017 _d588017 |
||